| 000 | 00576nam a2200181Ia 4500 | ||
|---|---|---|---|
| 008 | 100921s9999 xx 000 0 und d | ||
| 082 |
_b18407 _a808.068 थ 80 |
||
| 100 | _aगैदार अकिदी. | ||
| 245 | _aदोन भाऊ. | ||
| 260 |
_bप्रगती प्रकाशन,मास्को. _c1980 |
||
| 300 |
_a79 _b--- |
||
| 365 | _b0 | ||
| 520 | _aललित-बालवाङ्रमय. | ||
| 630 | _aदोन भाऊ. | ||
| 650 | _aललित-बालवाङ्रमय. | ||
| 730 | _aदोन भाऊ. | ||
| 942 | _cBOOK | ||
| 999 |
_c767520 _d767517 |
||